[Event "British Chess Championships 2023: Major Open"]
[Site "The Venue, De Montfort University, 20 Western Boulevard, Leicester, LE2 7BU"]
[Date "2023.07.23"]
[Round "2"]
[Board "17"]
[White "Badacsonyi, Stanley"]
[Black "Rida, Ruqayyah"]
[Result "0-1"]
[WhiteElo "1976"]
[BlackElo "1828"]
[PlyCount "90"]
[EventDate "2023.07.22"]
[EventRounds "9"]
[EventCountry "ENG"]

1. d4 Nf6 2. Bg5 g6 3. Bxf6 exf6 4. e3 Bg7 5. c4 d5 6. Nc3 dxc4 7. Bxc4 O-O 8.
Nge2 c6 9. O-O Nd7 10. b4 Nb6 11. Bd3 a6 12. Qc2 f5 13. a4 Qd6 14. Rfb1 Be6 15.
Nf4 Rac8 16. a5 Nd7 17. Na4 Bh6 18. Nxe6 fxe6 19. f4 Nf6 20. Qc5 Qc7 21. Qe5
Qe7 22. Qc5 Qc7 23. Nb6 Rcd8 24. Qc2 Ng4 25. Qd2 Bg7 26. Kh1 Rfe8 27. Ra3 h6
28. Na4 g5 29. g3 Qd6 30. Nc5 Qd5+ 31. Kg1 Nxe3 32. Nb3 Bxd4 33. Nxd4 Qxd4 34.
Qf2 gxf4 35. gxf4 Ng4 36. Qxd4 Rxd4 37. Be2 Rxf4 38. Rg3 Kf7 39. h3 Nf6 40. Rd1
Rxb4 41. Kh1 f4 42. Ra3 Ke7 43. Bf3 Rg8 44. Rd2 Rg3 45. Kh2 e5  0-1

[Event "British Chess Championships 2023: Major Open"]
[Site "The Venue, De Montfort University, 20 Western Boulevard, Leicester, LE2 7BU"]
[Date "2023.07.23"]
[Round "2"]
[Board "18"]
[White "Whittington, Reece W"]
[Black "Pal, Rohan"]
[Result "1-0"]
[WhiteElo "1624"]
[BlackElo "1966"]
[PlyCount "49"]
[EventDate "2023.07.22"]
[EventRounds "9"]
[EventCountry "ENG"]

1. d4 Nf6 2. c4 Nc6 3. Nc3 e5 4. d5 Ne7 5. e4 Ng6 6. Be3 Bb4 7. f3 Bxc3+ 8.
bxc3 d6 9. Bd3 O-O 10. Ne2 Nd7 11. Qd2 Nc5 12. Bc2 b6 13. Ng3 Nh4 14. O-O h6
15. Bxh6 gxh6 16. Qxh6 f5 17. Nh5 Rf7 18. g3 f4 19. gxh4 Bh3 20. Kh1 Bxf1 21.
Rxf1 Rh7 22. Nf6+ Qxf6 23. Qxf6 Rg7 24. Rg1 Rxg1+ 25. Kxg1  1-0

[Event "British Chess Championships 2023: Major Open"]
[Site "The Venue, De Montfort University, 20 Western Boulevard, Leicester, LE2 7BU"]
[Date "2023.07.23"]
[Round "2"]
[Board "19"]
[White "Brown, Tom"]
[Black "Mize, Dylan"]
[Result "1/2-1/2"]
[WhiteElo "1959"]
[BlackElo "1744"]
[PlyCount "48"]
[EventDate "2023.07.22"]
[EventRounds "9"]
[EventCountry "ENG"]

1. d4 Nf6 2. Nf3 e6 3. c4 Bb4+ 4. Bd2 Qe7 5. g3 Nc6 6. Bg2 Bxd2+ 7. Nbxd2 d6 8.
O-O O-O 9. e4 e5 10. d5 Nb8 11. Ne1 a5 12. Nd3 Nbd7 13. Qc2 b6 14. Nb1 Nc5 15.
Nc3 Bd7 16. b3 c6 17. Nxc5 bxc5 18. dxc6 Bxc6 19. Rad1 Ne8 20. Rd2 Nc7 21. Bh3
Na6 22. Rfd1 Rfd8 23. a3 Nc7 24. Rd3 Rab8  1/2-1/2

[Event "British Chess Championships 2023: Major Open"]
[Site "The Venue, De Montfort University, 20 Western Boulevard, Leicester, LE2 7BU"]
[Date "2023.07.23"]
[Round "2"]
[Board "20"]
[White "Davis, Timothy J"]
[Black "Banerjee, Supratit"]
[Result "0-1"]
[WhiteElo "1737"]
[BlackElo "1895"]
[PlyCount "94"]
[EventDate "2023.07.22"]
[EventRounds "9"]
[EventCountry "ENG"]

1. d4 d5 2. Nf3 Nf6 3. c4 e6 4. Nc3 c5 5. cxd5 exd5 6. g3 Nc6 7. Bg2 Be7 8. O-O
O-O 9. Bg5 cxd4 10. Nxd4 Be6 11. Nxc6 bxc6 12. e4 d4 13. Ne2 c5 14. Nf4 Rb8 15.
Nxe6 fxe6 16. e5 Nd5 17. Bxd5 exd5 18. Bc1 Qb6 19. Qg4 Rbc8 20. f4 c4 21. f5
Kh8 22. Bg5 d3+ 23. Kh1 Bxg5 24. Qxg5 Qxb2 25. f6 gxf6 26. exf6 Rf7 27. Rae1
Rcf8 28. Qxd5 Qb7 29. Qxb7 Rxb7 30. Rc1 Rc7 31. Rc3 Kg8 32. Kg2 Rc6 33. g4 Kf7
34. Rfc1 Rd8 35. g5 Kg6 36. h4 h6 37. gxh6 Kxf6 38. Kf3 Ke5 39. Ke3 Kd5 40. Kd2
Re8 41. Rg1 Re2+ 42. Kd1 Rxh6 43. Rg4 Rf6 44. Rg1 Rh2 45. Ra3 Rb6 46. Rg5+ Ke4
47. Kc1 d2+  0-1

[Event "British Chess Championships 2023: Major Open"]
[Site "The Venue, De Montfort University, 20 Western Boulevard, Leicester, LE2 7BU"]
[Date "2023.07.23"]
[Round "2"]
[Board "21"]
[White "Mccarthy, Damian M"]
[Black "Honey, Luke"]
[Result "0-1"]
[WhiteElo "1838"]
[BlackElo "1730"]
[PlyCount "84"]
[EventDate "2023.07.22"]
[EventRounds "9"]
[EventCountry "ENG"]

1. e4 c6 2. d4 d5 3. Nd2 dxe4 4. Nxe4 Nf6 5. Nxf6+ exf6 6. c3 Bd6 7. Bd3 O-O 8.
Qc2 Re8+ 9. Ne2 f5 10. Bxf5 Bxf5 11. Qxf5 Nd7 12. Qd3 Qe7 13. Be3 Nb6 14. c4
Bb4+ 15. Nc3 Na4 16. Qc2 c5 17. O-O Bxc3 18. bxc3 Nb6 19. Qb3 Qe6 20. dxc5 Nxc4
21. Bd4 Nd2 22. Qxe6 Rxe6 23. Rfe1 Rae8 24. Rxe6 Rxe6 25. Rd1 f5 26. g4 Nf3+
27. Kg2 fxg4 28. Rb1 g5 29. Be3 Re7 30. Kg3 h5 31. Rb4 Rf7 32. h3 gxh3 33. Kxh3
Kh7 34. Re4 Kg6 35. Re6+ Kf5 36. Rd6 g4+ 37. Kg2 Rh7 38. Rh6 Rxh6 39. Bxh6 h4
40. Be3 a6 41. Bh6 Ke4 42. Bg7 Kd5  0-1

[Event "British Chess Championships 2023: Major Open"]
[Site "The Venue, De Montfort University, 20 Western Boulevard, Leicester, LE2 7BU"]
[Date "2023.07.23"]
[Round "2"]
[Board "22"]
[White "Smith, Andrew P"]
[Black "Dayal, Samar"]
[Result "1-0"]
[WhiteElo "2038"]
[BlackElo "1433"]
[PlyCount "53"]
[EventDate "2023.07.22"]
[EventRounds "9"]
[EventCountry "ENG"]

1. Nf3 d5 2. b3 e6 3. Bb2 f5 4. g3 Nf6 5. Bg2 c6 6. O-O Bd6 7. d3 O-O 8. Nbd2
Nbd7 9. e4 fxe4 10. dxe4 dxe4 11. Ng5 e3 12. fxe3 Nb6 13. Nde4 Nxe4 14. Nxe4
Bc7 15. Qh5 Bd7 16. Ng5 h6 17. Rxf8+ Qxf8 18. Rf1 Qe7 19. Nf7 e5 20. Qg6 Be8
21. Nxh6+ Kh8 22. Nf7+ Kg8 23. Be4 Qxf7 24. Qh7+ Kf8 25. Ba3+ c5 26. Bxc5+ Bd6
27. Bxd6#  1-0

[Event "British Chess Championships 2023: Major Open"]
[Site "The Venue, De Montfort University, 20 Western Boulevard, Leicester, LE2 7BU"]
[Date "2023.07.23"]
[Round "2"]
[Board "23"]
[White "Salmons, Calum"]
[Black "Pilley, Jack"]
[Result "1-0"]
[WhiteElo "1977"]
[BlackElo "1785"]
[PlyCount "45"]
[EventDate "2023.07.22"]
[EventRounds "9"]
[EventCountry "ENG"]

1. e4 c6 2. d4 d5 3. Nc3 dxe4 4. Nxe4 Nf6 5. Nxf6+ exf6 6. c3 Bd6 7. Bd3 O-O 8.
Qc2 Re8+ 9. Ne2 h5 10. O-O h4 11. h3 Nd7 12. Re1 Nf8 13. Be3 Be6 14. Rad1 Qd7
15. Nf4 Qc7 16. Nh5 c5 17. dxc5 Bxc5 18. Bh6 gxh6 19. Qd2 f5 20. Qxh6 f6 21.
Nxf6+ Kf7 22. Nxe8 Rxe8 23. Qh5+  1-0

[Event "British Chess Championships 2023: Major Open"]
[Site "The Venue, De Montfort University, 20 Western Boulevard, Leicester, LE2 7BU"]
[Date "2023.07.23"]
[Round "2"]
[Board "24"]
[White "Green, Michael"]
[Black "Sheikh, Anum"]
[Result "1/2-1/2"]
[WhiteElo "1923"]
[BlackElo "1744"]
[PlyCount "81"]
[EventDate "2023.07.22"]
[EventRounds "9"]
[EventCountry "ENG"]

1. c3 e5 2. g3 d5 3. Bg2 Nf6 4. d4 e4 5. Bg5 Be7 6. Bxf6 Bxf6 7. e3 a5 8. a4
Na6 9. Bf1 c6 10. Nd2 Nc7 11. h4 h5 12. Nh3 g6 13. Nf4 Ne6 14. Be2 Nxf4 15.
exf4 Qe7 16. Nf1 Be6 17. Ne3 Rd8 18. Qb3 Qc7 19. Qa3 b6 20. Rd1 c5 21. Bb5+ Kf8
22. c4 Be7 23. Qc3 Bf6 24. cxd5 Bxd5 25. Qa3 Be7 26. Nxd5 Rxd5 27. Qe3 Rxd4 28.
Rxd4 cxd4 29. Qxd4 Rg8 30. O-O f5 31. Bc4 Rg7 32. Qd5 Qd8 33. Qc6 Qd6 34. Qa8+
Qd8 35. Qa6 Bc5 36. Bb3 e3 37. fxe3 Bxe3+ 38. Kh1 Rd7 39. Rf3 Bc5 40. Qc4 Rg7
41. Qd3  1/2-1/2

[Event "British Chess Championships 2023: Major Open"]
[Site "The Venue, De Montfort University, 20 Western Boulevard, Leicester, LE2 7BU"]
[Date "2023.07.23"]
[Round "2"]
[Board "25"]
[White "Burton, Sean"]
[Black "Young, Daniel J"]
[Result "1-0"]
[WhiteElo "1715"]
[BlackElo "1913"]
[PlyCount "89"]
[EventDate "2023.07.22"]
[EventRounds "9"]
[EventCountry "ENG"]

1. e4 c5 2. Nf3 d6 3. d4 cxd4 4. Qxd4 Nc6 5. Bb5 Bd7 6. Qd3 g6 7. O-O Bg7 8. c4
Nf6 9. Nc3 O-O 10. h3 a6 11. Bxc6 Bxc6 12. Nd4 Qc7 13. Be3 Rfc8 14. Rac1 Nd7
15. Rfd1 Rab8 16. b4 Nf6 17. a4 Be8 18. Nd5 Nxd5 19. cxd5 Qd8 20. b5 axb5 21.
axb5 Rxc1 22. Rxc1 Rc8 23. Rxc8 Qxc8 24. b6 Bd7 25. Nb5 Bxb5 26. Qxb5 f5 27.
exf5 gxf5 28. Qe2 Bf6 29. Qh5 Kh8 30. Bg5 Qc3 31. Qf7 Qc8 32. Bxf6+ exf6 33.
Qxf6+ Kg8 34. g3 Qc1+ 35. Kg2 Qc5 36. Qd8+ Kf7 37. Qc7+ Kf6 38. Qxb7 Qd4 39.
Qc6 Qe4+ 40. Kh2 Qd4 41. Qxd6+ Kg7 42. Qe7+ Kg6 43. Qe6+ Kg7 44. Qxf5 Qxb6 45.
h4  1-0

[Event "British Chess Championships 2023: Major Open"]
[Site "The Venue, De Montfort University, 20 Western Boulevard, Leicester, LE2 7BU"]
[Date "2023.07.23"]
[Round "2"]
[Board "26"]
[White "Wilkinson, Daniel"]
[Black "Pink, Joshua"]
[Result "1-0"]
[WhiteElo "1712"]
[BlackElo "1890"]
[PlyCount "103"]
[EventDate "2023.07.22"]
[EventRounds "9"]
[EventCountry "ENG"]

1. e4 e5 2. Nf3 Nc6 3. Bb5 a6 4. Ba4 Nf6 5. O-O Be7 6. Re1 b5 7. Bb3 O-O 8. a4
Rb8 9. axb5 axb5 10. d3 Bb7 11. Nc3 b4 12. Nd5 Nxd5 13. exd5 Nd4 14. Nxd4 exd4
15. Qg4 Bf6 16. Bd2 Re8 17. Ra4 Rxe1+ 18. Bxe1 Qe8 19. Bxb4 Bxd5 20. Bxd5 Rxb4
21. Ra8 Bd8 22. Qe4 Kf8 23. b3 Qxe4 24. Bxe4 Ke7 25. Bxh7 Rb5 26. Be4 Rc5 27.
Ra2 Kd6 28. Kf1 Bg5 29. Ke2 c6 30. Kd1 Bd8 31. Ra4 Ke5 32. g3 g5 33. Bg2 g4 34.
Ra7 Kd6 35. f3 Ba5 36. fxg4 Re5 37. Be4 Ke6 38. Ke2 Bc3 39. Kf2 d5 40. Bf5+ Kf6
41. Ra6 Be1+ 42. Kf1 Bc3 43. Rxc6+ Ke7 44. h4 Re1+ 45. Kf2 Rc1 46. h5 Rxc2+ 47.
Kf3 Rh2 48. h6 Be1 49. g5 Rf2+ 50. Kg4 Rg2 51. h7 Rxg3+ 52. Kf4  1-0

[Event "British Chess Championships 2023: Major Open"]
[Site "The Venue, De Montfort University, 20 Western Boulevard, Leicester, LE2 7BU"]
[Date "2023.07.23"]
[Round "2"]
[Board "27"]
[White "Foster, Timothy"]
[Black "Graham, Danny"]
[Result "1-0"]
[WhiteElo "1874"]
[BlackElo "1715"]
[PlyCount "65"]
[EventDate "2023.07.22"]
[EventRounds "9"]
[EventCountry "ENG"]

1. Nf3 d5 2. g3 Nf6 3. c4 c6 4. Bg2 Bf5 5. Qb3 Qc8 6. cxd5 Nxd5 7. d3 Be6 8.
Ng5 Nf4 9. Nxe6 Nxg2+ 10. Kf1 fxe6 11. Kxg2 Qd7 12. Nc3 Na6 13. Bf4 g6 14. Be5
Rg8 15. Rac1 Bg7 16. Bxg7 Rxg7 17. Ne4 O-O-O 18. Ng5 Nc7 19. Rc5 h6 20. Nf3 Rf8
21. Rf1 Rf5 22. Qc3 Rg8 23. b4 Rxc5 24. Qxc5 Kb8 25. a4 Qd6 26. Rc1 Na6 27.
Qxd6+ exd6 28. b5 cxb5 29. axb5 Nc5 30. Nd2 Rc8 31. Nc4 d5 32. Ne5 Nb3 33. Nd7+
 1-0

[Event "British Chess Championships 2023: Major Open"]
[Site "The Venue, De Montfort University, 20 Western Boulevard, Leicester, LE2 7BU"]
[Date "2023.07.23"]
[Round "2"]
[Board "28"]
[White "Larkin, Benjamin"]
[Black "Sinclair, Colin"]
[Result "1/2-1/2"]
[WhiteElo "1850"]
[BlackElo "1652"]
[PlyCount "110"]
[EventDate "2023.07.22"]
[EventRounds "9"]
[EventCountry "ENG"]

1. e4 g6 2. d4 Bg7 3. Nc3 d6 4. Be3 a6 5. Qd2 h6 6. O-O-O e6 7. f4 Ne7 8. Nf3
b5 9. Bd3 b4 10. Ne2 Nd7 11. h4 h5 12. f5 e5 13. dxe5 Nxe5 14. Nxe5 Bxe5 15.
fxg6 Nxg6 16. Bc4 Qe7 17. Rdf1 Be6 18. Bxe6 Qxe6 19. Kb1 c5 20. Rf5 O-O-O 21.
Rhf1 f6 22. Nf4 Nxf4 23. Bxf4 Qc4 24. Bxe5 dxe5 25. Qf2 Qd4 26. Qe2 c4 27. Rxf6
Kb7 28. b3 Rc8 29. Rd1 Qc5 30. Rd7+ Rc7 31. Rxc7+ Kxc7 32. Qxc4 Qxc4 33. bxc4
Rg8 34. Re6 Rxg2 35. Rxe5 Rg4 36. Rxh5 Rxe4 37. c5 a5 38. Kb2 Re3 39. Rd5 Kc6
40. Rd3 Re5 41. Rh3 Rh5 42. Kc1 Kxc5 43. Kd2 Kc4 44. Ke3 Kc3 45. Rh2 a4 46. Kf4
a3 47. Kg4 Rc5 48. h5 Kb2 49. c4+ Kb1 50. h6 Rxc4+ 51. Kg5 Rc5+ 52. Kg6 Rc6+
53. Kg5 Rc5+ 54. Kg6 Rc6+ 55. Kg5 Rc5+  1/2-1/2

[Event "British Chess Championships 2023: Major Open"]
[Site "The Venue, De Montfort University, 20 Western Boulevard, Leicester, LE2 7BU"]
[Date "2023.07.23"]
[Round "2"]
[Board "30"]
[White "Berkley, Stephen W"]
[Black "Sivanandan, Bodhana"]
[Result "0-1"]
[WhiteElo "1587"]
[BlackElo "1834"]
[PlyCount "110"]
[EventDate "2023.07.22"]
[EventRounds "9"]
[EventCountry "ENG"]

1. d4 d5 2. c4 c6 3. Nf3 Nf6 4. Qc2 dxc4 5. Qxc4 Bf5 6. g3 e6 7. Bg2 Be7 8. O-O
O-O 9. a4 Nbd7 10. Nc3 h6 11. a5 Rc8 12. b4 Ne4 13. Nxe4 Bxe4 14. Nd2 Bxg2 15.
Kxg2 b6 16. Nb3 c5 17. dxc5 bxc5 18. bxc5 Nxc5 19. Nxc5 Bxc5 20. Qe4 Qd4 21.
Qxd4 Bxd4 22. Ra4 Rfd8 23. Rd1 Bf6 24. Rxd8+ Bxd8 25. Be3 a6 26. Bb6 Bf6 27.
Ra2 Kf8 28. Rd2 Ke7 29. Kf3 Bc3 30. Rc2 Kd7 31. Ke4 Rc6 32. Kd3 Be1 33. Rxc6
Kxc6 34. Kc4 h5 35. f3 f5 36. Bd8 Bf2 37. Bg5 Kd7 38. Bd2 g6 39. Bc3 Kc6 40.
Bd2 e5 41. Bc3 e4 42. fxe4 fxe4 43. Bd4 Be1 44. Bb6 g5 45. Bd8 g4 46. Kd4 Kd7
47. Bf6 Bxa5 48. Kxe4 Ke6 49. Bd4 Bd2 50. Kd3 Bg5 51. e4 a5 52. Kc4 a4 53. Kb4
Bf6 54. Bb6 Ke5 55. Kxa4 Kxe4  0-1

[Event "British Chess Championships 2023: Major Open"]
[Site "The Venue, De Montfort University, 20 Western Boulevard, Leicester, LE2 7BU"]
[Date "2023.07.23"]
[Round "2"]
[Board "31"]
[White "Gibson, Christopher A"]
[Black "Laronde-Bennett, Sebastian"]
[Result "1-0"]
[WhiteElo "1820"]
[BlackElo "1613"]
[PlyCount "87"]
[EventDate "2023.07.22"]
[EventRounds "9"]
[EventCountry "ENG"]

1. e4 c5 2. c3 d6 3. d4 cxd4 4. cxd4 e6 5. Nc3 d5 6. exd5 exd5 7. Qb3 Nf6 8.
Be2 Be7 9. Bf3 O-O 10. Nge2 Nc6 11. O-O Bg4 12. Bxg4 Nxg4 13. h3 Nf6 14. Qxb7
Na5 15. Qa6 Nc4 16. b3 Nd6 17. Qd3 Re8 18. Bg5 Nde4 19. Nxe4 Nxe4 20. Bxe7 Rxe7
21. Nc3 Nf6 22. Rfe1 Re6 23. Re3 Nh5 24. Qf5 g6 25. Qxd5 Rd6 26. Re8+ Qxe8 27.
Qxd6 Rd8 28. Qe5 Qc6 29. d5 Qf6 30. Qxf6 Nxf6 31. Rd1 Rd6 32. f3 a6 33. Ne4
Nxe4 34. fxe4 f6 35. Rc1 f5 36. Rc6 Rd8 37. d6 fxe4 38. Rxa6 e3 39. Kf1 Kf7 40.
Ra7+ Ke6 41. d7 Ke5 42. Ke2 Kd6 43. Kxe3 Rxd7 44. Rxd7+  1-0

[Event "British Chess Championships 2023: Major Open"]
[Site "The Venue, De Montfort University, 20 Western Boulevard, Leicester, LE2 7BU"]
[Date "2023.07.23"]
[Round "2"]
[Board "32"]
[White "Bellano, Harry"]
[Black "Turner, Lewis A"]
[Result "0-1"]
[WhiteElo "1470"]
[BlackElo "1803"]
[PlyCount "112"]
[EventDate "2023.07.22"]
[EventRounds "9"]
[EventCountry "ENG"]

1. e4 c5 2. Nf3 d6 3. c3 Nf6 4. Be2 g6 5. d4 Nxe4 6. d5 Nf6 7. c4 Bg7 8. Nc3
O-O 9. Bd2 e6 10. Qc1 exd5 11. cxd5 Re8 12. Bh6 b5 13. Bxg7 Kxg7 14. Qd2 b4 15.
Nd1 Ba6 16. Ne3 Bxe2 17. Kxe2 Nbd7 18. Rhe1 Ng4 19. Kf1 Nxe3+ 20. fxe3 Nf6 21.
a3 Ne4 22. Qd3 Qf6 23. axb4 Qxb2 24. Kg1 Qf2+ 25. Kh1 Qxe1+ 26. Nxe1 Nf2+ 27.
Kg1 Nxd3 28. Nxd3 Rxe3 29. Rd1 c4 30. Nb2 c3 31. Nc4 c2 32. Nxe3 cxd1=Q+ 33.
Nxd1 Rb8 34. Nb2 Rxb4 35. Nd3 Rd4 36. Nb2 Rxd5 37. Kf1 Re5 38. Kf2 a5 39. Kf3
d5 40. g4 g5 41. Kg3 Re3+ 42. Kf2 Rc3 43. Na4 Rc4 44. Nb6 a4 45. Nxd5 a3 46.
Ne3 Rf4+ 47. Kg3 a2 48. h4 a1=Q 49. hxg5 Ra4 50. Nf5+ Kf8 51. g6 Qe5+ 52. Kh4
Qxf5 53. g7+ Kxg7 54. Kh3 Qxg4+ 55. Kh2 Ra2+ 56. Kh1 Qg2#  0-1

[Event "British Chess Championships 2023: Major Open"]
[Site "The Venue, De Montfort University, 20 Western Boulevard, Leicester, LE2 7BU"]
[Date "2023.07.23"]
[Round "2"]
[Board "33"]
[White "Howell, Oliver W"]
[Black "Gonzales, Ceferino"]
[Result "1-0"]
[WhiteElo "1799"]
[BlackElo "1493"]
[PlyCount "97"]
[EventDate "2023.07.22"]
[EventRounds "9"]
[EventCountry "ENG"]

1. d4 Nf6 2. Nf3 c6 3. Bg5 Ne4 4. Bf4 d6 5. e3 Qa5+ 6. c3 g5 7. b4 Qf5 8. Bg3
Nd7 9. Bd3 Ndf6 10. Nbd2 h5 11. Nxe4 Nxe4 12. Nxg5 Qxg5 13. Bxe4 Bg4 14. Qa4
Bd7 15. Bf4 Qg7 16. Qa5 d5 17. Bf3 Qg6 18. Kd2 Bf5 19. Qc7 Bg7 20. Qxb7 O-O 21.
Qxe7 Bf6 22. Qb7 a5 23. bxa5 Rxa5 24. a4 Bc2 25. Be2 Bxa4 26. Bd3 Qg4 27. h3
Qe6 28. Bc7 Rb5 29. Bxb5 Bxb5 30. Ra5 Qf5 31. Rxb5 Qxf2+ 32. Kc1 Qxe3+ 33. Kb2
Qe2+ 34. Ka3 cxb5 35. Qxd5 Be7+ 36. Kb3 b4 37. Qe5 Qxe5 38. Bxe5 f6 39. Bf4
bxc3 40. Kxc3 Kf7 41. d5 Rc8+ 42. Kd4 Bc5+ 43. Kd3 Rd8 44. Kc4 Rc8 45. Kb5 Bd4
46. Rc1 Rxc1 47. Bxc1 Ke7 48. Kc6 Kd8 49. Bd2  1-0

[Event "British Chess Championships 2023: Major Open"]
[Site "The Venue, De Montfort University, 20 Western Boulevard, Leicester, LE2 7BU"]
[Date "2023.07.23"]
[Round "2"]
[Board "34"]
[White "Verbytski, Oleg"]
[Black "Gamage Ranasinghe, Yuman Ranjula"]
[Result "1-0"]
[WhiteElo "1795"]
[BlackElo "1100"]
[PlyCount "79"]
[EventDate "2023.07.22"]
[EventRounds "9"]
[EventCountry "ENG"]

1. e4 e5 2. Nf3 Nc6 3. Nc3 Nf6 4. d4 exd4 5. Nxd4 Bc5 6. Be3 Bb6 7. Be2 O-O 8.
O-O Re8 9. Nxc6 bxc6 10. Bxb6 cxb6 11. Bd3 Qc7 12. f4 d6 13. h3 b5 14. Qf3 b4
15. Ne2 g6 16. Ng3 Bb7 17. Rae1 c5 18. b3 d5 19. e5 d4 20. Qe2 Nd5 21. Ne4 Ne3
22. Nf6+ Kg7 23. Nxe8+ Rxe8 24. Rf2 f6 25. exf6+ Kf8 26. Bb5 Re6 27. f5 Re4 28.
fxg6 hxg6 29. Bd3 Rh4 30. Rf3 Bxf3 31. Qxf3 Rf4 32. Qa8+ Kf7 33. Qh8 Rxf6 34.
Bc4+ Ke7 35. Qg7+ Kd8 36. Qxf6+ Kc8 37. Ba6+ Kd7 38. Qf7+ Kd6 39. Qxg6+ Kd7 40.
Qg7+  1-0

[Event "British Chess Championships 2023: Major Open"]
[Site "The Venue, De Montfort University, 20 Western Boulevard, Leicester, LE2 7BU"]
[Date "2023.07.24"]
[Round "3"]
[Board "2"]
[White "Dilley, Jason M"]
[Black "Dicen, Elis Denele"]
[Result "1-0"]
[WhiteElo "2034"]
[BlackElo "1925"]
[PlyCount "0"]
[EventDate "2023.07.22"]
[EventRounds "9"]
[EventCountry "ENG"]

1. d4 {[%clk 1:30:56]} d5 {[%clk 1:30:54]} 2. c4 {[%clk 1:31:15]} e6 {[%clk
1:31:17]} 3. Nc3 {[%clk 1:31:39]} Nf6 {[%clk 1:31:32]} 4. Bg5 {[%clk 1:31:50]} a6
{[%clk 1:31:19]} 5. cxd5 {[%clk 1:30:51]} exd5 {[%clk 1:30:59]} 6. Bxf6 {[%clk
1:30:33]} gxf6 {[%clk 1:29:39]} 7. e3 {[%clk 1:30:27]} c6 {[%clk 1:28:53]} 8. Bd3
{[%clk 1:29:44]} Bd6 {[%clk 1:28:39]} 9. Qc2 {[%clk 1:23:00]} h5 {[%clk 1:27:06]}
10. h4 {[%clk 1:18:18]} Be6 {[%clk 1:26:19]} 11. Nge2 {[%clk 1:16:09]} Nd7 {[%clk
1:22:40]} 12. Bf5 {[%clk 1:08:49]} Qe7 {[%clk 1:20:44]} 13. O-O-O {[%clk
1:04:53]} O-O-O {[%clk 1:18:54]} 14. Kb1 {[%clk 1:00:09]} Kb8 {[%clk 1:16:00]}
15. Rhe1 {[%clk 0:59:28]} Nb6 {[%clk 1:12:42]} 16. Ka1 {[%clk 0:51:48]} Nc4
{[%clk 1:05:12]} 17. Bd3 {[%clk 0:44:27]} Nb6 {[%clk 1:01:00]} 18. Rc1 {[%clk
0:39:18]} Rc8 {[%clk 0:55:07]} 19. Na4 {[%clk 0:35:36]} Nxa4 {[%clk 0:49:32]} 20.
Qxa4 {[%clk 0:36:00]} c5 {[%clk 0:44:45]} 21. dxc5 {[%clk 0:35:50]} Bxc5 {[%clk
0:44:15]} 22. Rc2 {[%clk 0:33:47]} Bb6 {[%clk 0:42:17]} 23. Rec1 {[%clk 0:32:00]}
Rxc2 {[%clk 0:40:10]} 24. Rxc2 {[%clk 0:32:01]} Rd8 {[%clk 0:39:37]} 25. Qf4+
{[%clk 0:20:00]} Ka8 {[%clk 0:39:18]} 26. Nd4 {[%clk 0:18:02]} Qb4 {[%clk
0:35:48]} 27. a3 {[%clk 0:16:43]} Qe7 {[%clk 0:33:48]} 28. Be2 {[%clk 0:15:28]}
Rg8 {[%clk 0:26:30]} 29. Bxh5 {[%clk 0:12:01]} Rxg2 {[%clk 0:25:37]} 30. Bf3
{[%clk 0:09:13]} Rg8 {[%clk 0:24:34]} 31. h5 {[%clk 0:08:43]} Bc5 {[%clk
0:24:26]} 32. Ka2 {[%clk 0:07:43]} Bd6 {[%clk 0:24:13]} 33. Qh4 {[%clk 0:08:05]}
Rh8 {[%clk 0:21:48]} 34. Qh1 {[%clk 0:08:13]} f5 {[%clk 0:19:59]} 35. Bxd5 {[%clk
0:05:47]} Be5 {[%clk 0:18:48]} 36. Nxe6 {[%clk 0:03:35]} fxe6 {[%clk 0:19:10]}
37. Bf3 {[%clk 0:03:58]} Bf6 {[%clk 0:18:41]} 38. Qf1 {[%clk 0:03:23]} Kb8 {[%clk
0:18:28]} 39. Qc4 {[%clk 0:03:37]} Be5 {[%clk 0:15:54]} 40. e4 {[%clk 0:02:45]}
f4 {[%clk 0:12:04]} 41. Bg4 {[%clk 0:02:30]} Re8 {[%clk 0:09:00]} 42. f3 {[%clk
0:00:35]} Qf6 {[%clk 0:08:21]} 43. Rd2 {[%clk 0:29:15]} Qe7 {[%clk 0:36:14]} 44.
Qa4 {[%clk 0:27:40]} Bc7 {[%clk 0:32:39]} 45. Rd7 {[%clk 0:25:44]} Qf8 {[%clk
0:32:50]} 46. Qc4 {[%clk 0:25:25]} Be5 {[%clk 0:32:47]} 47. Bxe6 {[%clk 0:21:17]}
Qf6 {[%clk 0:32:18]} 48. Bd5 {[%clk 0:18:53]} Re7 {[%clk 0:32:09]} 49. Rd8+
{[%clk 0:18:57]} Ka7 {[%clk 0:32:30]} 50. Qc5+ {[%clk 0:19:07]} Qb6 {[%clk
0:32:19]} 51. Ra8+ {[%clk 0:19:25]} Kxa8 {[%clk 0:32:42]} 52. Qxb6 {[%clk
0:19:44]} Re8 {[%clk 0:32:51]} 53. Qxb7# {[%clk 0:19:33]}  1-0